000 00948cab a2200229 4500
001 ABS60170
008 090401t1999 xxu||||| |||| 00| 0 eng d
035 _a(Sirsi) u91501
041 _aeng
245 _aKey research on easier home buying and selling
260 _c1999
350 _a0
490 _aEstate Agent
_vJanuary/February 1999, 14-20(7)
520 _aReviews a study carried out by the University of Stirling into the process of buying and selling a house in the UK. The results of the research have been published in full in a separate Consultation Paper "The Key to Easier Home Buying and Selling".
650 _aPROPERTY-RESIDENTIAL PROPERTY-ACQUISITION AND DISPOSAL OF RESIDENTIAL PROPERTY
650 _aPROPERTY-RESIDENTIAL PROPERTY-ACQUISITION AND DISPOSAL OF RESIDENTIAL PROPERTY
650 _aRESEARCH
650 _aKEY TO EASIER HOME BUYING AND SELLING
690 _aHOUSING
942 _n0
948 _c22/02/1999
999 _c58087
_d58087